Регионална библиотека "Любен Каравелов" - Русе

Наказателен кодекс | Закон за изпълнение на наказанията и други нормативни актове (Запис номер 159207)

MARC детайли
000 -Лидер
Контролно поле с фиксирана дължина 01801nam a2200409 c 4500
003 - Код на организацията, давaща контролен номер
Контролно поле BLK
005 - Дата и час на последна редакция
Контролно поле 20180422113632.0
008 - Елементи от данни с фиксирана дължина
fixed length control field 180410b bul|||||r ||||||| ||bul||
010 ## - Наследен системен номер
LC control number KNG00166277000
040 ## - Източник на каталожния запис
Идентификатор на билиотеката - собственик на записа BLK
041 ## - Код за език
Код за езика на текст/звукозапис или на отделно заглавие Български
Код за езика КДБФ Български
080 ## - УДК
Текстов определител УДК Опазване на обществения ред и спокойствие
УДК код - определител по УДК 351.75
УДК определител :343.21(497.2)(094.4)
УДК - код + определител 351.75:343.21(497.2)(094.4)
080 ## - УДК
Текстов определител УДК Опазване на обществения ред и спокойствие
УДК код - определител по УДК 351.75
УДК определител :343.8(497.2)(094.5)
УДК - код + определител 351.75:343.8(497.2)(094.5)
139 ## - Редно поле
Редна дума България. Закони и др. п.
Авторски знак Бъл - Б 92
245 10 - Сведения за заглавието
Заглавие Наказателен кодекс
Редно поле (дума) състав. Димитър Димитров.
245 10 - Сведения за заглавието
Заглавие Закон за изпълнение на наказанията и други нормативни актове
Подзаглавни данни
Редно поле (дума)
250 ## - Област на изданието
Сведения за изданието 2. изд.
257 ## - Страна на издаване
Страна на създаване/издаване България
260 ## - Област на издателските данни
-- София
Име на издателя, разпространителя и проч. Наука и изкуство
Година на издаване 1975
Печатница Плевен : Ал. Пъшев
300 ## - Физическа характеристика
Страници 162 с.
Размери/Мащаб 20 см
380 ## - Жанр
Жанр Обществени науки
500 ## - Общи забележки
Забележка 1. изд. 1969. - 50 114 тир.
650 #4 - Допълнително описание по предмет – тема
Основно описание – тема или топоним Наказателен кодекс - България
9 (RLIN) 245467
650 #4 - Допълнително описание по предмет – тема
Основно описание – тема или топоним Наказателно-процесуален кодекс - България
9 (RLIN) 247438
651 #4 - Допълнително описание по предмет - топоним
Географско понятие България
9 (RLIN) 241624
653 ## - Ключова дума – ненормативна
Ключова дума наказателно право
653 ## - Ключова дума – ненормативна
Ключова дума кодекси
653 ## - Ключова дума – ненормативна
Ключова дума наказания (право)
653 ## - Ключова дума – ненормативна
Ключова дума закони
700 1# - Други автори (авторска отговорност)
Лично име Димитров, Димитър
Автороска отговорност (Описва отношението между автора и произведението) състав.
9 (RLIN) 363351
710 1# - Име на организация или юридическо лице като допълнителен термин за търсене
Наименование на организация или юридическо лице като редна дума България. Закони и др. п.
9 (RLIN) 243213
852 ## - Местоположение
Форматна сигнатура Цб 77187
856 4# - Електронен адрес и достъп
Електронен формат pdf - файл
Път до файла /url/
856 4# - Електронен адрес и достъп
Електронен формат pdf - файл
Път до файла /url/
942 ## - АРТИКУЛИ
Вид на библиотечния материал Книги
Скрит в OPAC Не
944 ## - СЪЗДАВАНЕ И РЕДАКЦИЯ на ЗАПИСА
Създаване/Редакция Създаване
Дата на регистрацията/редакция 17.10.2014
Статус, дата на статуса 17.10.2014 - от С1,Р / 17.10.2014
Служител, извършил регистрацията/редакцията Правда_Бадева
944 ## - СЪЗДАВАНЕ И РЕДАКЦИЯ на ЗАПИСА
Създаване/Редакция Редакция
Дата на регистрацията/редакция 17.10.2014
Статус, дата на статуса 17.10.2014 - от С1,Р / 17.10.2014
Служител, извършил регистрацията/редакцията
999 ## - СИСТЕМНИ КОНТРОЛНИ НОМЕРА
Koha biblionumber 159207
Koha biblioitemnumber 159207
Наличности
Код за отписване Код за изгубен артикул Източник на класификационната схема Код за повреда Коз за рестрикции Код за отдаване Артикулен № Име на библиотеката - собственик Име на библиотеката, в която се намира в момента Статус (Текущо местоположение) Дата на вписване в системата Местоположение - отдел Цена в лева Инвентарен номер Систематично азбучна сигнатура Баркод Номер на екземпляра Цена в евро Служебна бележка Служебен тип на артикула Бележка за публиката
  Не е изгубен Universal Decimal Classification Не е повреден без рестрикции ползва се в читалня 266009 Регионална библиотека "Любен Каравелов" Русе Регионална библиотека "Любен Каравелов" Русе Хранилище 1975-01-01 Хранилище 0.79 188648 Цб 77187 120000188648 1 0.40 N: стар фонд Дата: 01.01.1975 Книги  
Изтеглен Не е изгубен Universal Decimal Classification Не е повреден без рестрикции заемане за дома 266010 Регионална библиотека "Любен Каравелов" Русе Регионална библиотека "Любен Каравелов" Русе Заемна - подръчен фонд 1975-01-01 Заемна - подръчен фонд 0.79 190571 П 351.75/Б 92 190571 2 0.40 N: стар фонд Дата: 01.01.1975 Книги  
Изтеглен Не е изгубен Universal Decimal Classification Не е повреден без рестрикции заемане за дома 266011 Регионална библиотека "Любен Каравелов" Русе Регионална библиотека "Любен Каравелов" Русе Заемна - подръчен фонд 1975-01-01 Заемна - подръчен фонд 0.79 190572 П 351.75/Б 92 190572 3 0.40 N: стар фонд Дата: 01.01.1975 Книги  
Изтеглен Не е изгубен   Не е повреден без рестрикции заемане за дома 266012 Регионална библиотека "Любен Каравелов" Русе Регионална библиотека "Любен Каравелов" Русе   1975-01-01 Заемна - подръчен фонд 0.79 197134 П 351.75/Б 92 197134 4 0.40 N: стар фонд Дата: 01.01.1975 Книги Отч.N: 23/2018 , Дата: 26.03.2018
Изтеглен Не е изгубен   Не е повреден без рестрикции заемане за дома 266013 Регионална библиотека "Любен Каравелов" Русе Регионална библиотека "Любен Каравелов" Русе   1975-01-01 Заемна - подръчен фонд 0.79 197135 П 351.75/Б 92 197135 5 0.40 N: стар фонд Дата: 01.01.1975 Книги Отч.N: 23/2018 , Дата: 26.03.2018
Изтеглен Не е изгубен   Не е повреден без рестрикции заемане за дома 266014 Регионална библиотека "Любен Каравелов" Русе Регионална библиотека "Любен Каравелов" Русе   1975-01-01 Заемна - подръчен фонд 0.79 197136 П 351.75/Б 92 197136 6 0.40 N: стар фонд Дата: 01.01.1975 Книги Отч.N: 23/2018 , Дата: 26.03.2018
Изтеглен Не е изгубен   Не е повреден без рестрикции заемане за дома 266015 Регионална библиотека "Любен Каравелов" Русе Регионална библиотека "Любен Каравелов" Русе   1975-01-01 Заемна - подръчен фонд 0.79 207073 П 351.75/Б 92 207073 7 0.40 N: стар фонд Дата: 01.01.1975 Книги Отч.N: 31/2018 , Дата: 28.03.2018
Изтеглен Не е изгубен   Не е повреден без рестрикции заемане за дома 266016 Регионална библиотека "Любен Каравелов" Русе Регионална библиотека "Любен Каравелов" Русе   1975-01-01 Заемна - подръчен фонд 0.79 207074 П 351.75/Б 92 207074 8 0.40 N: стар фонд Дата: 01.01.1975 Книги Отч.N: 31/2018 , Дата: 28.03.2018
Vip Innovations Ltd, Rousse, Bulgaria 2025